Přeskočit na obsah

Основы экологии животных учебное пособие для вузов

Учебное пособие содержит информацию о дисциплине «экология» как обширную науку — мегаэкологию (глобальную экологию), которая подразделяется на десятки экологических наук, в том числе на экологию животноводства. Даются основные понятия о биосфере, её структуре, биогеоценозе как базовой единице изучен...

Celý popis

Uloženo v:
Podrobná bibliografie
Hlavní autor: Шарафутдинов Г. С.
Médium: Книга
Jazyk:Russian
Vydáno: Санкт-Петербург Лань 2022
Vydání:2-е изд., стер.
Témata:
On-line přístup:https://e.lanbook.com/book/217421
https://e.lanbook.com/img/cover/book/217421.jpg
Tagy: Přidat tag
Žádné tagy, Buďte první, kdo otaguje tento záznam!
LEADER 03310nam0a2200373 i 4500
001 217421
003 RuSpLAN
005 20221220174150.0
008 221220s2022 ru gs 000 0 rus
020 |a 978-5-507-44240-9 
040 |a RuSpLAN 
041 0 |a rus 
044 |a ru 
080 |a 591.5 
084 |a 28.680я73  |2 rubbk 
245 0 0 |a Основы экологии животных  |b учебное пособие для вузов  |c Шарафутдинов Г. С. 
250 |a 2-е изд., стер. 
260 |a Санкт-Петербург  |b Лань  |c 2022 
300 |a 328 с. 
504 |a Библиогр.: доступна в карточке книги, на сайте ЭБС Лань 
520 8 |a Учебное пособие содержит информацию о дисциплине «экология» как обширную науку — мегаэкологию (глобальную экологию), которая подразделяется на десятки экологических наук, в том числе на экологию животноводства. Даются основные понятия о биосфере, её структуре, биогеоценозе как базовой единице изучения экологии. Уделяется серьезное внимание изменению состояния природных и искусственных биогеоценозов в условиях усиливающегося антропогенного давления. Дана характеристика источникам и причинам загрязнения окружающей среды, сырья и пищевых продуктов. На основании этого изложены мероприятия, обеспечивающие производство экологически чистой сельскохозяйственной продукции и контроль за их качеством. Учебное пособие предназначено для студентов сельскохозяйственных вузов, обучающихся по направлению подготовки «Технология производства и переработки сельскохозяйственной продукции», а также может быть использовано для направлений подготовки «Зоотехния» и «Ветеринария». 
521 8 |a Книга из коллекции Лань - Ветеринария и сельское хозяйство 
653 0 |a экология животных 
653 0 |a биосфера 
653 0 |a экология сообществ 
653 0 |a законы биогеоценозов 
653 0 |a агробиоценозы 
653 0 |a источники загрязнений 
653 0 |a экология кормопроизводства 
653 0 |a санитарные аспекты животноводства 
100 1 |a Шарафутдинов Г. С. 
856 4 |u https://e.lanbook.com/book/217421 
856 4 8 |u https://e.lanbook.com/img/cover/book/217421.jpg 
953 |a https://e.lanbook.com/img/cover/book/217421.jpg